000 00392nam a22001577a 4500
020 _a978-41-7235-207-4
082 _a828
_bCHA/V
100 _aPRITHVIRAJ CHAUHAN
245 _aTHE VICTORY MARCH
_bSHORT STORY
246 _aTHE VICTORY MARCH
_bSHORT STORY
260 _aNEW DELHI
_bPRAKASH BOOKS INDIA PVT.LTD
300 _a48
520 _aSHORT STORY
650 _aSHORT STORY
942 _cBK
999 _c2535
_d2535